Pętle podmiejskie Autobusowe W Toruniu - Statystyki

Ogólne statystyki
  • Ten quiz został rozwiązany 6 razy
  • Średni wynik to 7 z 17
Statystyki odpowiedzi
% Poprawnych
151
83%
152
83%
142
67%
111
50%
112
50%
121
50%
122
50%
124
50%
131
50%
113
33%
123
17%
115
17%
131
17%
132
17%
113
17%
141
0%
123
0%
Nie znaleziono quizów pasujących do podanych kryteriów
Rozkład punktacji
Procent ludzi z każdym wynikiem
Percentyl według liczby udzielonych odpowiedzi
Twoja historia wyników
Nie rozwiązałeś tego quizu